|
|
|
|
| LEADER |
00000nab a2200000 a 4500 |
| 001 |
vtls000247965 |
| 003 |
SK-MaSNL |
| 005 |
20260304072856.0 |
| 008 |
250423c1986 xo 0 slo |
| 015 |
|
|
|a SNBRB19rr/mm-uuuuu
|
| 035 |
|
|
|a CL0258079
|
| 035 |
|
|
|a urn:nbn:sk:snk-ab2hy1
|
| 035 |
|
|
|a (urnnbn)urn:nbn:sk:snk:ar-a02g1i
|
| 035 |
|
|
|a (uuid)9fc42c72-0584-4471-bafa-e6857672b1f6
|
| 040 |
|
|
|a SNKBUCL
|b slo
|c SNKBUCL
|e AACR2
|
| 041 |
0 |
|
|a slo
|
| 044 |
|
|
|a xo
|c SK
|
| 080 |
|
|
|a 82.091:881
|2 1981
|
| 080 |
|
|
|a 881
|2 1981
|
| 080 |
|
|
|a 881.091
|2 1981
|
| 080 |
|
|
|a 82.0
|2 1981
|
| 100 |
1 |
|
|a Panovová, Ema,
|d 1925-2019
|4 aut
|9 106620
|
| 245 |
1 |
0 |
|a Aktuálne otázky výskumu medzislovanských literárnych vzťahov a ich teoreticko- metodologické aspekty
|c Ema Panovová
|
| 500 |
|
|
|a V rubrike Rozhľady.
|
| 650 |
0 |
7 |
|a vzťahy literárne
|2 snkbucl
|9 770059
|
| 655 |
|
7 |
|a články z novín a časopisov
|2 snkbucl
|9 267496
|
| 655 |
|
7 |
|a články z odboru literárna veda a krásna literatúra
|2 snkbucl
|9 770045
|
| 773 |
0 |
|
|t Slavica slovaca
|g Roč. 21, č. 2 (1986), s. 201-204
|
| 850 |
|
|
|a Slovenská národná knižnica
|
| 852 |
|
|
|a Slovenská národná knižnica
|
| 954 |
|
|
|a odborná, vedecká literatúra pôvodná (slovenská)
|2 lita
|
| 958 |
|
|
|a article27
|
| 958 |
|
|
|a RK
|
| 958 |
|
|
|a LX
|
| 958 |
|
|
|a SK
|
| 958 |
|
|
|a OND
|
| 958 |
|
|
|a EUIPO
|
| 992 |
|
|
|a RBX
|
| 999 |
|
|
|c 2768331
|d 2770261
|